Electroneumática. Colección de ejercicios con soluciónes, Nivel b sico / G. Fiedler (Registro nro. 27029)
[ vista simple ]
| 000 -LÍDER | |
|---|---|
| fixed length control field | 00462nam a2200157 4500 |
| 020 ## - NÚMERO INTERNACIONAL NORMALIZADO PARA LIBROS | |
| ISBN | 3-8127-3038-3 |
| 050 ## - SIGNATURA TOPOGRAFICA DE LA BIBLIOTECA DEL CONGRESO (LC) | |
| Número de Clasificación | TJ950 F54 1988 |
| 082 ## - NUMERO DE CLASIFICACION DECIMAL DEWEY | |
| Número de Clasificación | 629.804.2 F54e |
| 100 ## - ASIENTO PRINCIPAL--NOMBRE PERSONAL | |
| Nombre personal | Fiedler, G. |
| 245 ## - TÍTULO | |
| Título | Electroneumática. Colección de ejercicios con soluciónes, Nivel b sico / G. Fiedler |
| 250 ## - MENCIÓN DE EDICIÓN | |
| Mención de edición | 11 |
| 260 ## - PUBLICACIÓN, DISTRIBUCIÓN, ETC. (PIE DE IMPRENTA) | |
| Lugar de publicación, distribución, etc. | Austria : Festo Didactic |
| 300 ## - DESCRIPCIÓN FÍSICA | |
| Extensión | 128 p. / 30 cm. |
| 500 ## - NOTA GENERAL | |
| Nota general | D.LE-TP201-1E 093038 |
| 650 ## - ASIENTO SECUNDARIO DE MATERIA - TERMINO TEMÁTICO | |
| Término temático o nombre geográfico como elemento de entrada | 1. ELECTRONEOMÁTICAS / 2. NEUMÁTICA |
| No. biblioteca | No. biblioteca | Número de clasificación | Código de barras/Número de adquisición | Número de copia | Tipo de material |
|---|---|---|---|---|---|
| ÁREA DE ELECTROMECÁNICA | ÁREA DE ELECTROMECÁNICA | 629.804.2 F54e | 15928 | 1 | Libros |
